01626 a2200181 45000010006000000050017000060080041000230030015000640400040000790800104001192450023002232640028002463000019002745051077002931000021013707000031013917000022014225438320260407155816.0260407a1956 arg spa dAR-UNSa-BCEJYS aAR-UNSa-BCEJYSbspacAR-UNSa-BCEJYS a351.72xFinanzas públicas. Legislación (Contabilidad Pública, Administración financiera...)10aHacienda pública 1aMadrid :bAguilarc1956 a392 p.c22 cm. aPrimera parte: La contabilidad pública - I. El Estado como empresario y productor - II. Naturaleza del gasto público - III. La elaboración de la política financiera - IV. El control del gasto público - V. El ingreso público - VI. El balance del sector público - Segunda parte: Teoría de la imposición - VII. El arte de la hacienda pública - VIII. Ideales impositivos - IX. El método de análisis de los impuestos - X. La incidencia de los impuestos parciales sobre el coste - XI. Impuestos sobre los bienes capitales - XII. Impuestos generales sobre la renta y los beneficios - XIII. Contribución e impuestos sobre el capital - XIV. Otros impuestos de efectos generales - XV. La teoría de la imposición local - XVI. La incidencia de la tributación y el gasto británicos - Tercera parte: La hacienda pública en la economía nacional - XVII. La hacienda pública y el nivel de actividad - XVIII. La planificación de la inversión pública - XIX. Política de créditos y deuda píblica - XX. El futuro de la contabilidad pública1 aHicks, Ursula K.1 aVillar Palasi, José Luis1 aDe Torres, Manuel